Zelda Ocarina of Time - Alle Gegenstände - Statistiken

Allgemein
  • Dieses Quiz wurde 272 mal gespielt
  • Das Durchschnittsergebnis liegt bei 42 aus 93
Antwortstatistiken
Kategorie Antwort % Korrekt
Tauschgeschäfte Kiki
94%
Waffen Master-Schwert
84%
Waffen Feenbogen
81%
Gegenstände in Flaschen Fee
80%
Gegenstände in Labyrinthen Amulett des {Feuers}
78%
Gegenstände in Labyrinthen Amulett des {Wassers}
78%
Tauschgeschäfte {Goronen}-Maske
78%
Waffen Bombe
76%
Waffen Feenschleuder
76%
Waffen Kokiri-Schwert
75%
Gegenstände in Labyrinthen Amulett des {Waldes}
74%
Waffen Hylia-Schild
74%
Tauschgeschäfte {Zora}-Maske
74%
Ausrüstungsgegenstände Deku-Nuss
69%
Tauschgeschäfte {Fuchs}-Maske
68%
Ausrüstungsgegenstände Deku-Stab
67%
Waffen Biggoron-Schwert
66%
Waffen Feuerpfeil
66%
Kleidung Eisenstiefel
64%
Ausrüstungsgegenstände Enterhaken
64%
Gegenstände in Labyrinthen Goronen-Opal bzw. Goronen-Rubin
64%
Waffen Eispfeil
63%
Waffen Lichtpfeil
62%
Waffen Spiegelschild
62%
Waffen Bumerang
60%
Gegenstände in Labyrinthen Amulett der {Geister}
59%
Gegenstände in Labyrinthen Amulett des {Schattens}
59%
Tauschgeschäfte {Geister}-Maske
59%
Waffen Stahlhammer
59%
Waffen Deku-Schild
57%
Gegenstände in Flaschen Käfer
57%
Sammelgegenstände Herz
56%
Gegenstände in Flaschen Fisch
55%
Kleidung Gleitstiefel
52%
Kleidung Goronen-Rüstung
52%
Sammelgegenstände Pfeil
52%
Wichtige Gegenstände Amulett des {Lichts}
51%
Ausrüstungsgegenstände Okarina der Zeit
51%
Kleidung Zora-Rüstung
51%
Gegenstände in Labyrinthen Kleiner Schlüssel
50%
Gegenstände in Flaschen Milch
50%
Ausrüstungsgegenstände Auge der Wahrheit
49%
Wichtige Gegenstände Gerudo-Pass
49%
Gegenstände in Labyrinthen Kompass
49%
Gegenstände in Labyrinthen Labyrinthkarte
49%
Tauschgeschäfte Hasenohren
47%
Kleidung Kokiri-Rüstung
47%
Waffen Krabbelmine
47%
Ausrüstungsgegenstände Flasche
45%
Gegenstände in Labyrinthen Herzcontainer
45%
Sammelgegenstände Herzteil
44%
Tauschgeschäfte {Gerudo}-Maske
43%
Sammelgegenstände Goldene Skulltula
43%
Erweiterungen Bombentasche
42%
Gegenstände in Labyrinthen Kokiri-Smaragd
42%
Gegenstände in Labyrinthen Zora-Saphir
41%
Kleidung Goronen-Armband
40%
Erweiterungen Köcher
38%
Gegenstände in Labyrinthen Master-Schlüssel
37%
Sammelgegenstände Deku-Kerne
36%
Kleidung Krafthandschuh bzw. Silberhandschuh
35%
Ausrüstungsgegenstände Fanghaken
34%
Ausrüstungsgegenstände Feen-Okarina
33%
Tauschgeschäfte Maske des {Wissens}
33%
Kleidung Titanhandschuh bzw. Goldhandschuh
33%
Tauschgeschäfte Augentropfen
32%
Ausrüstungsgegenstände Wundererbse
30%
Erweiterungen Geldbörse
28%
Wichtige Gegenstände Silberschuppe
28%
Wichtige Gegenstände Goldschuppe
27%
Tauschgeschäfte Säge
27%
Gegenstände in Flaschen Blaues Feuer
26%
Waffen Langschwert
26%
Gegenstände in Flaschen Irrlicht
25%
Ausrüstungsgegenstände Dins Feuerinferno
24%
Ausrüstungsgegenstände Nayrus Umarmung
22%
Wichtige Gegenstände Zeldas Brief
22%
Kleidung Lederstiefel
21%
Tauschgeschäfte {Schädel}maske
20%
Gegenstände in Flaschen Elixier
18%
Ausrüstungsgegenstände Farores Donnersturm
18%
Sammelgegenstände Magieflasche
18%
Gegenstände in Flaschen Nachtschwärmer
18%
Tauschgeschäfte Glotzfrosch
17%
Tauschgeschäfte Rezept
16%
Gegenstände in Flaschen Rutos Brief
14%
Tauschgeschäfte Zerbrochenes Schwert
14%
Erweiterungen Munitionstasche
13%
Tauschgeschäfte Zertifikat
13%
Tauschgeschäfte Henni
12%
Tauschgeschäfte Schimmelpilz
11%
Wichtige Gegenstände Stein des Wissens
11%
Tauschgeschäfte Modertrank
8%
Keine übereinstimmenden Quizze gefunden
Verteilung der Resultate
Anzahl Personen mit jedem Resultat
Perzentil nach korrekt beantworteten Fragen
Ihre Resultats-Entwicklung
Sie haben dieses Quiz noch nicht gespielt